000 00643nam a2200253Ia 4500
005 20260121161255.0
008 008 260114s9999 xx 000 0 eng d
020 _a9780203413104
037 _aEBOOK
040 _aCRL
040 _beng
040 _cCRL
041 _2eng
041 _aeng
084 _qCRL
100 _aGuang Xing
_91042351
245 4 _aThe Concept of the Buddha:Its Evolution from Early Buddhism to the Trikaya Theory
260 _bTaylor and Francis
260 _c2005
856 _uhttp://www.taylorfrancis.com/books/9780203413104
942 _cEBOOK
999 _c1609167
_d1609167